Revitalización y reestructuración del espacio público comunidad de los Barrios Freses - Biarquira de Curridabat
Uloženo v:
| Hlavní autor: | |
|---|---|
| Další autoři: | |
| Médium: | Kniha |
| Jazyk: | Spanish |
| Vydáno: |
[San José, Costa Rica]
2018
|
| Témata: |
REHABILITACION URBANA - CURRIDABAT (SAN JOSE, COSTA RICA) - DISEÑOS Y PLANOS
> ESPACIOS PUBLICOS - ASPECTOS SOCIALES - CURRIDABAT (SAN JOSE, COSTA RICA)
> ESPACIOS PUBLICOS - ASPECTOS AMBIENTALES - CURRIDABAT (SAN JOSE, COSTA RICA)
> ESPACIOS PUBLICOS - ASPECTOS LEGALES - CURRIDABAT (SAN JOSE, COSTA RICA)
> DISEÑO ARQUITECTONICO - CURRIDABAT (SAN JOSE, COSTA RICA)
> CURRIDABAT (SAN JOSE, COSTA RICA) - VIDA SOCIAL Y COSTUMBRES
|
| Tagy: |
Přidat tag
Žádné tagy, Buďte první, kdo vytvoří štítek k tomuto záznamu!
|
MARC
| LEADER | 00000nam a22000007a 4500 | ||
|---|---|---|---|
| 003 | EA0221 | ||
| 005 | 20230302132659.0 | ||
| 008 | 181008b2018 cr a|||| ||m| 00| ||spa d | ||
| 040 | |c cru CEDI | ||
| 090 | |a TFG EA-221 | ||
| 100 | |9 14220 |a Tomlinson Valverde, Carlos | ||
| 245 | |a Revitalización y reestructuración del espacio público comunidad de los Barrios Freses - Biarquira de Curridabat | ||
| 260 | |a [San José, Costa Rica] |c 2018 | ||
| 300 | |a vi, 198 páginas (algunas plegadas) : ilustraciones (principalmente a color), planos a color. | ||
| 500 | |a Proyecto de graduación (licenciatura en arquitectura)--Universidad de Costa Rica. Facultad de Ingeniería. Escuela de Arquitectura | ||
| 501 | |a Directora del Proyecto de Graduación: M.S.C. Dania Chavarría Núñez (Arquitecta) | ||
| 650 | |x REHABILITACION URBANA - CURRIDABAT (SAN JOSE, COSTA RICA) - DISEÑOS Y PLANOS |x ESPACIOS PUBLICOS - ASPECTOS SOCIALES - CURRIDABAT (SAN JOSE, COSTA RICA) |x ESPACIOS PUBLICOS - ASPECTOS AMBIENTALES - CURRIDABAT (SAN JOSE, COSTA RICA) |x ESPACIOS PUBLICOS - ASPECTOS LEGALES - CURRIDABAT (SAN JOSE, COSTA RICA) |x DISEÑO ARQUITECTONICO - CURRIDABAT (SAN JOSE, COSTA RICA) |x CURRIDABAT (SAN JOSE, COSTA RICA) - VIDA SOCIAL Y COSTUMBRES |9 14221 | ||
| 700 | |9 118 |a Chavarría Núñez, Dania, 1975- |d Directora del TFG | ||
| 942 | |c CEDI | ||
| 999 | |c 20944 |d 20944 | ||
